000 00666nam a2200205 i 4500
001 189847
003 ES-MaACL
005 20230906223554.0
008 191205s1970 sp |||| | spa d
111 0 _aConcilio Vaticano (
_n2º.
_d1962-1965)
_9122
245 1 3 _aLa libertad religiosa
_b: Declaración "Dignitati Humanae".
260 _aBilbao :
_bMensajero,
_c1970.
300 _a301 p. ;
_c19 cm.
490 1 _aColección "Vivir el Concilio" ;
_v11
650 4 _aLibertad religiosa.
_914416
700 1 _aPablo
_bVI,
_cPapa, Santo.
_9168351
830 0 _aColección "Vivir el Concilio" ;
_v11
_9193434
852 _aES-MaACL
_jP-1111-6
999 _c189847
_d189847